00801nam a2200193 i 4500001000700000003000900007005001700016007000300033008004100036100004400077245013600121260003500257300003200292600006300324700005700387852002200444999001900466952012200485131604ES-MaACL20231229062546.0t|070214s1969 sp f |||| |bspa d1 aRodríguez Batllori, Francisco.99837510aGaldós en su tiempo b: (estampas de una vida) / cFrancisco Rodríguez Batllori ; prólogo de Federico Carlos Sainz de Robles. aMadrid : bAugustinus, c1969. a173 p., 9 lám. ; c24 cm.14aPérez Galdós, Benito,d1843-1920-xBiografías9908741 aSainz de Robles, Federico Carlos,d1898-19829101593 aES-MaACLjC-37397 c131604d131604 00104070aATENEOMbATENEOMcDEPO2d2008-01-17eSCl0oC-37397p1137006r2023-02-23 00:00:00w2023-02-23yMONOGRAFIA